000 00277nam a22000977a 4500
008 160502b xxu||||| |||| 00| 0 eng d
100 _aScandinavian Collectors Club
245 _aThe Local Posts of Norway
260 _bScandinavian Collectors Club
_c1972
700 _aHughmark, Gordon
999 _c1946
_d1946